000 00498cam a22001932 4500
001 0000014421
003 OSt
005 20140825164541.0
008 081026s1953 enk 000 0 eng d
040 _aPUL
_cPUL
050 _aBX8333.W416
_bT5 1953
100 1 _aWeatherhead, Leslie Dixon,
_d1893.
245 1 0 _aThat immortal sea :
_bsermons.
260 _aLondon :
_bEpworth Press,
_c1953.
300 _a222 p. ;
_c20 cm.
650 0 _aSermons, English.
908 _a081026
942 _2lcc
_cBK
999 _c13827
_d13827